Code civil de l'Empire du Japon: livres 1, 2, 3
Guardat en:
| Autor principal: | |
|---|---|
| Altres autors: | |
| Format: | Llibre |
| Idioma: | francès |
| Publicat: |
París
L. Larose
1898
|
| Matèries: | |
| Etiquetes: |
Afegir etiqueta
Sense etiquetes, Sigues el primer a etiquetar aquest registre!
|
MARC
| LEADER | 00000nam a2200000 a 4500 | ||
|---|---|---|---|
| 001 | UCS1769 | ||
| 003 | CL-VaPUC | ||
| 005 | 20250108104734.0 | ||
| 008 | 970515e18980000FR |||||||||||||||||fre|d | ||
| 999 | |c 259801 |d 259799 | ||
| 040 | |c Pontificia Universidad Católica de Valparaíso | ||
| 082 | 0 | 4 | |a 346.52 |b MOT |2 21 |
| 100 | |a Motono, Ichiro |e traducteur |9 386533 | ||
| 245 | 1 | 0 | |a Code civil de l'Empire du Japon: livres 1, 2, 3 |
| 260 | |a París |b L. Larose |c 1898 | ||
| 300 | |a 171 p | ||
| 583 | |a last modification |c 19970515 00:00:00 |k Rodrigo Vera | ||
| 650 | 0 | |a Derecho civil |9 255013 | |
| 650 | 0 | |a Códigos |9 352314 | |
| 650 | 7 | |a PERSONA |2 CL-VaPUC |9 327934 | |
| 650 | 0 | |a Personas jurídicas |9 257259 | |
| 650 | 0 | |a Actos jurídicos |9 255748 | |
| 650 | 0 | |a Posesión |9 258681 | |
| 650 | 0 | |a Propiedad |9 255268 | |
| 650 | 0 | |a Contratos |9 255153 | |
| 651 | 0 | |a Japón |9 260391 | |
| 700 | |a Tomii, Masaakira |e traducteur |9 868904 | ||
| 942 | |c BK |2 ddc | ||
| 945 | |d 19970515 00:00:00 |a paguirre | ||
| 952 | |0 0 |1 0 |4 0 |6 346_520000000000000_MOT_1898 |7 0 |8 X |9 285177 |a BIBDER |b BIBDER |d 2019-11-19 |i 1847147 |o 346.52 MOT 1898 |p 1847147 |r 2023-01-25 |w 2019-11-19 |y BK_X |k DER | ||